000 00255nam a2200097Ia 4500
008 220204s9999 xx 000 0 und d
082 _aNR:63:581.2
_bRUB
245 0 _aRubberinte pink rogam (Malayalam)
260 _aKottayam
_bRubber Board
_c2007
942 _cBK
999 _c44386
_d44386